Eco-towns and the next 60 years of planning (Record no. 107509)

MARC details
000 -LEADER
fixed length control field 01449cad a22002415a 4500
001 - CONTROL NUMBER
control field L140493
008 - FIXED-LENGTH DATA ELEMENTS--GENERAL INFORMATION
fixed length control field 070925e20070924xxk f 000 0 eng d
035 ## - SYSTEM CONTROL NUMBER
System control number (Sirsi) u140493
041 0# - LANGUAGE CODE
Language code of text/sound track or separate title eng
050 04 - LIBRARY OF CONGRESS CALL NUMBER
Classification number 306.1 $2 18
100 1# - MAIN ENTRY--PERSONAL NAME
Personal name Shaw, Rob
245 00 - TITLE STATEMENT
Title Eco-towns and the next 60 years of planning
Medium [electronic resource]
260 ## - PUBLICATION, DISTRIBUTION, ETC.
Place of publication, distribution, etc. London
Name of publisher, distributor, etc. TCPA
Date of publication, distribution, etc. 2007
490 #0 - SERIES STATEMENT
Series statement Town and Country Planning Tomorrow Series
Volume/sequential designation 9
520 ## - SUMMARY, ETC.
Summary, etc. Considers changes which may have to be made to the planning system in order to meet the challenges of climate change. Provides an overview of recent government policy developments, including the 2003 Sustainable Communities Plan, growth points and the commitment to build a series of eco-towns. Summarises the expected effects of climate change in the UK. Considers approaches aimed at mitigating and preventing the effects of climate change. Compiles and suggests a series of steps aimed at developing a climate change bill in harmony with future planning policy. Identifies a need for skilled cross-disciplinary personnel in the planning sector.
590 ## - LOCAL NOTE (RLIN)
Local note KA NTK
650 24 - SUBJECT ADDED ENTRY--TOPICAL TERM
Topical term or geographic name entry element TOWN AND COUNTRY PLANNING ACT 1947
650 24 - SUBJECT ADDED ENTRY--TOPICAL TERM
Topical term or geographic name entry element SUSTAINABLE COMMUNITIES: BUILDING FOR THE FUTURE
651 #4 - SUBJECT ADDED ENTRY--GEOGRAPHIC NAME
Geographic name United Kingdom
Chronological subdivision
690 ## - LOCAL SUBJECT ADDED ENTRY--TOPICAL TERM (OCLC, RLIN)
Topical term or geographic name as entry element PROPERTY-RESIDENTIAL PROPERTY-RESIDENTIAL PROPERTY DEVELOPMENT
856 40 - ELECTRONIC LOCATION AND ACCESS
Uniform Resource Identifier <a href="https://www.tcpa.org.uk/news.asp">https://www.tcpa.org.uk/news.asp</a>
Public note View the item free of charge at www.tcpa.org.uk...
942 ## - ADDED ENTRY ELEMENTS (KOHA)
Suppress in OPAC 0
Holdings
Withdrawn status Lost status Source of classification or shelving scheme Damaged status Not for loan Home library Current library Shelving location Date acquired Total Checkouts Full call number Barcode Date last seen Copy number Price effective from Koha item type
    Dewey Decimal Classification     Virtual Virtual Online 25/09/2007   ONLINE PUBLICATION 140493-1001 06/08/2019 1 06/08/2019 Book